00323nam a2200133Ia 4500008004100000020002200041041000800063082001500071100001800086245001600104260003800120300001400158700001700172220530s9999 xx 000 0 und d a978-0-07-061667-7 aeng a5.133bVEN aVenugopal K R aMastering C aNew DelhibTata McGraw Hillc2011 a854 PbPB a Prasad S R